00345nam a2200097Ia 45000010005000000080041000050820025000461000054000712450101001252600021002263043241024s9999 xx 000 0 und d aRD/374.715/R426c/3-1 aRepública Dominicana. Ministerio de Educación 0aLa Comunidad : Módulo III Primer ciclo de Educación Básica de Personas Jóvenes y Adultas bCentenarioc2013